00650nam a2200193Ia 4500952014400000999001500144003000400159005001700163008004100180020001500221040000900236082001900245100003200264245004500296260004100341300000900382650002100391942004400412 00102ddc40708COMPUTER SCIENCEaMESbMEScCOMPd2019-02-20g195.00l0o005.133 KAN/Gp26771r2019-02-20 00:00:00w2019-02-20yBKzGL31R2 c8793d8793OSt20201009100925.0190216s9999||||xx |||||||||||||| ||und|| a8170299934 coclc a005.133bKAN/G aKanetkar, Yashavant P95392 0aGraphics Under C /cYashavant P Kanetkar bBpb Publications,aNew Delhi:c2002. a454p aComputer Science cBK2ddch005.133iKAN/Gk005.133mKAN/G